Zasady dzialalnosci wspólnych przedsiebiorstw w Rosji.
Právne formy spoločných podnikov. Zakladanie spoločného podniku. Obsah a rozsah právnej spôsobilosti. Orgány riadenia. Majetkové práva a povinnosti. Záruky ochrany zahraničných investícií. Zásady účasti zahraničných investorov na privatizácii. Obrat na domácom a zahraničnom trhu. Zásady zdanenia a r...
Enregistré dans:
| Auteur principal: | |
|---|---|
| Format: | Chapitre de livre |
| Langue: | polonais |
| Sujets: | |
| Tags: |
Pas de tags, Soyez le premier à ajouter un tag!
|
MARC
| LEADER | 00000naa a2200000 4500 | ||
|---|---|---|---|
| 001 | r009889 | ||
| 005 | 20221125123232.7 | ||
| 041 | 0 | |a pol | |
| 044 | |a PL | ||
| 245 | 1 | 0 | |a Zasady dzialalnosci wspólnych przedsiebiorstw w Rosji. |c R. Petrosjan |
| 520 | |a Právne formy spoločných podnikov. Zakladanie spoločného podniku. Obsah a rozsah právnej spôsobilosti. Orgány riadenia. Majetkové práva a povinnosti. Záruky ochrany zahraničných investícií. Zásady účasti zahraničných investorov na privatizácii. Obrat na domácom a zahraničnom trhu. Zásady zdanenia a rozdeľovania zisku. Colné povinnosti. Poistenie majetku a rizika. | ||
| 610 | 2 | 0 | |a podnik spoločný |
| 610 | 2 | 0 | |a predpisy právne |
| 610 | 2 | 0 | |a investície zahraničné |
| 610 | 2 | 0 | |a ochrana majetku |
| 610 | 2 | 0 | |a privatizácia |
| 610 | 2 | 0 | |a dane |
| 610 | 2 | 0 | |a clá |
| 610 | 2 | 0 | |a poistenie majetku |
| 610 | 2 | 0 | |a riziko |
| 610 | 2 | 0 | |a rozdeľovanie zisku |
| 100 | 1 | |a Petrosjan, R. | |